000 01825nam2a2200241 4500
001 RU\NLR\BIBL_A\022728645
005 20260408134626.0
010 _a978-5-4465-4548-3
_950
021 _aRU
_bКН-П-25-080100
_9КН-П-25-7766
035 _a(NLR Aleph) 022728645
090 _a13650278
_c13650278
100 _a20260216d2025 u y0rusy50 ca
101 0 _arus
102 _aRU
105 _aach z 000yy
200 1 _aЮго-Восточные районы
210 _d2025
215 _a59 с.
_cил., портр., факс.
461 0 _1001RU\NLR\BIBL_A\022728631
_12001#$aПространство исторической архитектуры Тверской области$eграфические работы Борисова Сергея Владимировича$eв 2-х частях$fМосковский архитектурный институт, Кафедра "Храмовое зодчество", Кафедра "Основы архитектурного проектирования"$vЧ. 2
_1700#1$aБорисов$bС. В.$cканд. архитектуры$f1970-$gСергей Владимирович$3RU\NLR\AUTH\7783955
_913654124
_aБорисов, С. В. (канд. архитектуры ; 1970-)
_cМосква
_d2025
_fМосковский архитектурный институт, Кафедра "Храмовое зодчество", Кафедра "Основы архитектурного проектирования"
_nБуки Веди
_oграфические работы Борисова Сергея Владимировича : в 2-х частях
_tПространство исторической архитектуры Тверской области
_y978-5-4465-4549-0
_vЧ. 2
942 _cBOOK
980 _aNB